Current state of EU energy security and strategic position of Russia

Európska únia ako významný účastník medzinárodného trhu s energiou. Vývoj a charakteristika energetickej politiky Európskej únie. Energetický balík. Akčný plán energetickej bezpečnosti a solidarity. Energia v roku 2020. Strategická pozícia Ruska v oblasti energetiky.

Guardado en:
Detalles Bibliográficos
Autor principal: Sopková, Gabriela
Formato: Capítulo de libro
Lenguaje:inglés
Materias:
Etiquetas: Agregar Etiqueta
Sin Etiquetas, Sea el primero en etiquetar este registro!

MARC

LEADER 00000nla$a2200000$$$4500
001 0143320
005 20240502072553.9
041 0 |a eng 
044 |a SK 
245 1 0 |a Current state of EU energy security and strategic position of Russia  |c Gabriela Sopková 
520 |a Európska únia ako významný účastník medzinárodného trhu s energiou. Vývoj a charakteristika energetickej politiky Európskej únie. Energetický balík. Akčný plán energetickej bezpečnosti a solidarity. Energia v roku 2020. Strategická pozícia Ruska v oblasti energetiky. 
610 2 0 |a politika energetická 
610 2 0 |a bezpečnosť energetická 
610 2 0 |a ochrana prostredia životného 
610 2 0 |a konkurencia 
610 2 0 |a Európska únia 
610 2 0 |a Rusko 
100 1 |a Sopková, Gabriela